Score 0/26 Timer 03:00
0 Plays Today
Hint Answer % Correct
Richard ____, US PresidentNixon
97.1%
Leonardo da ____, polymathVinci
92%
____ Dickinson, poetEmily
90.5%
____ Keller, author and political activistHelen
89.7%
____ on Washington, 1963March
84%
Charge of the ____ Brigade, 1854Light
83.4%
____ Conference, 1945Yalta
77.2%
_-____ Campaign of WWI, German sub warfareU-boat
74.4%
Wars of the ____, 1455–1487Roses
73%
____ Rebellion, 1899–1901Boxer
66.5%
____ Chavez, labor acitivistCesar
66.5%
____ Empire, 1428–1521Aztec
60.6%
Treaty of ____, signed 1814Ghent
53.7%
Hint Answer % Correct
____ Zulu, reigned 1816–1828Shaka
50.5%
____ Wars, 264–146 BCEPunic
48.1%
Gustav ____, painterKlimt
46.8%
____ Wars, 1839–1860Opium
46.3%
____ Valley Civilization, c. 3300–1300 BCEIndus
41.9%
Albrecht ____, painterDürer
40.8%
Diet of ____, imperial assemblyWorms
39.1%
Pope John ____, reigned 1958–1963XXIII
39%
____ Broz Tito, Yugoslav revolutionaryJosip
27%
____ of the Cloth of Gold, 1520 summitField
20.9%
Emergency ____ Act, US immigration law of 1921Quota
18.5%
____ He, 15th century explorerZheng
17.6%
____ Amaru II, rebel leaderTúpac
17%

Today's Daily Dose

Missing Word
Train Books

Word Ladder
Piano Man

Quick Pick
Google Products

Get the Picture
Moana or Coco

Remove Ads.
Support Sporcle.
Get the best of Sporcle when you Go Orange. This ad-free experience offers more features, more stats, and more fun while also helping to support Sporcle. Thank you for becoming a member.

You're not logged in!

Compare scores with friends on all Sporcle quizzes.
OR
Log In

Show Comments

Extras

Top Quizzes Today


Score Distribution

Your Account Isn't Verified!

In order to create a playlist on Sporcle, you need to verify the email address you used during registration. Go to your Sporcle Settings to finish the process.

Report this User

Report this user for behavior that violates our Community Guidelines.

Details: